00713nam a2200241 a 4500001001300000003000900013005001700022008004100039020002200080082001700102100001500119245004600134260004500180300000900225500003500234505001000269650003200279700001500311902000800326942000700334952011500341999001500456nice12345678IN_TiNIC20260116012225.0050524s1978 dela grp 000 0 eng  a0706901 c3000a954.045bABB aAbbas, K A a20th March, 1977b Day Like Any Other Day aDelhi bVikas Pub House Pvt. Ltd. c1978 a134p aincludes index and biblioraphy2 aIndex aIndia-History Indira Gandhi1 aAbbas, K A bSRS cBK 001040708StackRoom-aHMIbHMId2007-04-05g30.00l0o954.045 ABBp09059r2022-02-17v30.00w2005-05-24yBK c6153d6153